Responses for show #4645 - Friday, November 12, 2004

2004 College Championship quarterfinal game 3.

Contestants

[<< previous game]

Matt Bushell, a junior at Georgetown University from Fairfield, Connecticut

Kelley Burd, a junior at West Virginia University from Bristol, West Virginia

Larry Marshall, a junior at the University of Missouri from Kansas City, Missouri

[next game >>]

Jeopardy! Round responses

PITS BURG
MONKEY BUSINESS
THAT'S SO RANDOM!
NAME THAT CENTURY
HOLIDAYS AND OBSERVANCES
GET A DEGREE
    $200 1
Georgia

Kelley
    $200 21
Curious George

Kelley
    $200 6
Mississippi

Larry
    $200 11
the 20th century

Kelley
    $200 16
St. Patrick's Day

Larry
    $200 26
Bachelor's of Fine Arts

Kelley
    $400 2
Greece

Kelley
    $400 22
(Larry: What is chocolate?)

banana

LarryKelley
    $400 7
George W. Bush

Kelley
    $400 12
the 17th century

Kelley
    $400 17
Father's Day

Kelley
    $400 27
education

Kelley
    $600 3
Spain

Kelley
    $600 23
(Matt: What is the Imp Chimp?)

Mojo Jojo

LarryMatt
    $600 8
double jeopardy

Kelley
    $600 13
the 15th century

Larry
    $600 18
France

Kelley
    $600 28
a Masters of Business Administration

Larry
    $800 4
California

Kelley
    $800 24
Monkey Island

Triple Stumper
    $800 9
Pygmalion

Kelley
    $800 14
[ERRATUM: Cortés conquered the Aztecs led by Montezuma II. The Inca Empire spanned the Pacific Coast of South America, nowhere near México.]

the 16th century

Kelley
    $800 19
Rosh Hashanah

Matt
    $800 29
veterinary medicine

Larry
    $1000 5
Michigan

Matt
    $1000 25
Paul Frank

Kelley
    $1000 10
Dorothy Parker

Triple Stumper
    $1000 15
the 14th century

Kelley
    $1,800 20
(Matt: Let's make it a True Daily Double.)

Simon Bolivar

Matt
    $1000 30
library science

Kelley

Scores at the first commercial break (after clue 15):

Larry Kelley Matt
$800 $6,200 $1,000

Scores at the end of the Jeopardy! Round:

Larry Kelley Matt
$2,600 $10,400 $3,000

Double Jeopardy! Round responses

AMERICAN LITERATURE
COLLEGE FOOTBALL
MERRIE OLDE ENGLAND
RESUMÉS OF WORLD LEADERS
(Alex: We'll give you resumés of world leaders, you name the leader for us.)
BETTER LIVING THROUGH CHEMISTRY
THESE WORDS ARE IN JEOPARDY!
(Alex: Each correct response will be a word composed of the letters in "jeopardy.")
    $400 6
The Red Badge of Courage

Kelley
    $400 1
the Big Ten

Kelley
    $400 15
Oxford

Matt
    $400 8
Tony Blair

Larry
    $400 22
compact discs

Kelley
    $400 17
padre

Kelley
    $800 7
Toni Morrison

Matt
    $800 2
Brigham Young University

Matt
    $800 27
365

Matt
    $800 9
(Vladimir) Putin

Matt
    $800 23
DuPont

Triple Stumper
    $800 18
ready

Matt
    $1200 13
My Antonia

Triple Stumper
    $1200 3
Knute Rockne

Larry
    $1200 30
(Kelley: What is the Tyne?)
(Alex: [Sternly] No.)
(Matt: What is the Thames?)
(Alex: [Even more sternly] No. ... What is the river usually associated with Shakespeare?)
(Kelley: [*].)
(Alex: [*]. The [*] River. [*] was calling this time, and nobody answered.)

Avon

KelleyMatt
Triple Stumper
    $1200 10
(Larry: Who is Gandhi?)
(Kelley: Who is Musharraf?)

(Hosni) Mubarak

LarryKelleyMatt
    $1200 24
it's biodegradable

Matt
    $1200 19
prey

Triple Stumper
    $1600 14
The Natural

Triple Stumper
    $1600 4
(Kelley: What is the Orange Bowl?)

the Gator Bowl

KelleyMatt
    $1,200 29
(Matt: What is France?)

Scotland

Matt
    $1600 11
(Vicente) Fox

Kelley
    $1600 25
carbon dioxide

Kelley
    $1600 20
(Alex: Oh, that's a wonderful [*].)

opera

Triple Stumper
    $1,400 16
(Matt: What is The Old Man and the Sea?)
(Alex: Good for you, you didn't risk too much money, you didn't lose much.)

The Sun Also Rises

Matt
    $2000 5
(Alex: [*], now starring in the NFL.)

Michael Vick

Kelley
    $2000 28
Moor

Triple Stumper
    $2000 12
(Matt: Who is Mullah Muhammed Omar?)

Hamid Karzai

KelleyMatt
    $2000 26
(Matt: What is a shoot?)
(Kelley: What is a straw?)

capillary

KelleyMatt
Triple Stumper
    $2000 21
Pardo

Larry

Scores at the end of the Double Jeopardy! Round:

Larry Kelley Matt
$5,000 $13,200 $3,600
(lock game)

Final Jeopardy! Round responses

ON THE GLOBE
(Alex: Hey! That narrows it down.)
MattWhat is Greenwich Mean?
$3,600
LarryWhat is the Prime Meridian?
$5,000
KelleyWhat is the Prime Meridian?
$3
Prime Meridian

Final scores:

Larry Kelley Matt
$10,000 $13,203 $0
2nd place: $5,000 if eliminated Automatic semifinalist 3rd place: $5,000 if eliminated

Game dynamics:

Coryat scores:

Larry Kelley Matt
$5,000 $13,200 $5,400
9 R,
2 W
27 R,
4 W
12 R
(including 1 DD),
6 W
(including 2 DDs)

Combined Coryat: $23,600

The J! Archive is created by fans, for fans. The Jeopardy! game show and all elements thereof, including but not limited to copyright and trademark thereto, are the property of Jeopardy Productions, Inc. and are protected under law. This website is not affiliated with, sponsored by, or operated by Jeopardy Productions, Inc. Join the discussion at JBoard.tv.